000 00325nam a2200145 i 4500
001 bg
245 0 _aAdgezija rasplavov i pajka materialov.
250 _aVyp.3.
260 _aKiev,
_c1978.
040 _cBPK
041 _apol
080 _a539.6:532.7:621.791
942 _cKS
008 s pl f |000 0 pol
999 _c18281
_d18281
856 _uhttp://koha.tu.koszalin.pl/cgi-bin/koha/opac-detail.pl?biblionumber=18281
_yKatalog online BPK